000 00699nam a2200181 4500
008 240107b |||||||| |||| 00| 0 eng d
020 _a 9789221285175
082 _a331.4
_bINT
110 _aILO Country Office for Sri Lanka and the Maldives
245 _aFactors affecting women’s labour force participation in Sri Lanka
260 _aColombo:
_bInternational Labour Organization,
_c2016
300 _av., 113 p.
_bBibliography included
650 _aWomen workers
650 _aLabour force participation
650 _aLabour market segmentation
856 _uhttps://www.ilo.org/wcmsp5/groups/public/---asia/---ro-bangkok/---ilo-colombo/documents/publication/wcms_551675.pdf
942 _cRP
999 _c4601
_d4601